LIBRARY & INFORMATION CENTRE, KCAET, TAVANUR

ONLINE PUBLIC ACCESS CATALOGUE (OPAC)

Theory of Machines / (Record no. 13011)

MARC details
000 -LEADER
fixed length control field 00335cam a2200133ua 4500
020 ## - INTERNATIONAL STANDARD BOOK NUMBER
ISBN 9780070144774
082 ## - DEWEY DECIMAL CLASSIFICATION NUMBER
Classification number 621.801
Item number RAT/TH
100 ## - MAIN ENTRY--AUTHOR NAME
Personal name Rattan, S.S .
245 ## - TITLE STATEMENT
Title Theory of Machines /
250 ## - EDITION STATEMENT
Edition statement / 3
260 ## - PUBLICATION, DISTRIBUTION, ETC. (IMPRINT)
Place of publication New Delhi :
Name of publisher Tata Mc-Graw Hill Publishing Company ,
Year of publication 2005,2012
300 ## - PHYSICAL DESCRIPTION
Number of Pages 711
Accompanying material `.
942 ## - ADDED ENTRY ELEMENTS (KOHA)
Koha item type Books
Holdings
Withdrawn status Lost status Damaged status Home library Current library Date acquired Full call number Accession Number Koha item type Collection code Shelving location Source of acquisition Cost, normal purchase price
      KAUAET KAUAET 07/04/2012 621.801 21151 Books        
      KAUAET KAUAET 07/04/2012 621.801 21370 Books        
      KAUAET KAUAET 07/04/2012 621.801 21731 Books        
      KAUAET KAUAET 07/04/2012 621.801 22101 Books        
      KAUAET KAUAET 07/05/2012 621.801 RAT/TH 22462 Books Non-fiction General Stacks    
      KAUAET KAUAET 07/05/2012 621.801 RAT/TH 22463 Books Non-fiction General Stacks    
      KAUAET KAUAET 07/05/2012 621.801 RAT/TH 22464 Books Non-fiction General Stacks    
      KAUAET KAUAET 07/05/2012 621.801 RAT/TH 22465 Books Non-fiction General Stacks    
      KAUAET KAUAET 07/05/2012 621.801 RAT/TH 22466 Books Non-fiction General Stacks    
      KAUAET KAUAET 30/03/2013 621.801 RAT/TH 23716 Books Non-fiction General Stacks Calicut Book Distributors 475.00
      KAUAET KAUAET 31/03/2014 621.801 RAT/TH 24510 Books   General Stacks    
      KAUAET KAUAET 31/03/2014 621.801 RAT/TH 24511 Books   General Stacks    
      KAUAET KAUAET 31/03/2014 621.801 RAT/TH 24512 Books   General Stacks    
      KAUAET KAUAET 31/03/2014 621.801 RAT/TH 24513 Books   General Stacks    
      KAUAET KAUAET 31/03/2014 621.801 RAT/TH 24514 Books   General Stacks    
      KAUAET KAUAET 27/08/2016 621.801 RAT/TH BB 261 Book Bank scheme for SC students   Scheme Cosmo Books, Calicut. 475.00
free website counter